Aplikácia metódy terestrického laserového skenovania pri dokumentovaní národnej kultúrnej pamiatky

Salvato in:
Dettagli Bibliografici
Autore principale: Harenčárová, Veronika (Autore)
Altri autori: Sokol, Štefan (Relatore della tesi)
Natura: Manoscritto Libro
Lingua:slovacco
Pubblicazione: 2016
Soggetti:
Accesso online:http://is.stuba.sk/zp/portal_zp.pl?podrobnosti=132263
https://opac.crzp.sk/?fn=detailBiblioForm&sid=41728D440EB1EF6291131A8922FE
Tags: Aggiungi Tag
Nessun Tag, puoi essere il primo ad aggiungerne!!

MARC

LEADER 00000ntm a22000003a 4500
001 stuzp57242
003 SK-STU
005 20230825151817.7
007 ta
008 150427s2015----xo-----f-mn---000-0-slo-d
040 |a STU  |b slo 
041 0 |a slo 
100 1 |a Harenčárová, Veronika  |u 010140  |4 aut  |U SvF Stavebná fakulta  |T SvF Katedra geodézie  |X 9418  |U V140  |Y 14  |7 A000009418 
242 0 1 |a Aplication of the metod of terrestrial laser scanning in documentation the national cultural monument  |y eng 
245 1 0 |a Aplikácia metódy terestrického laserového skenovania pri dokumentovaní národnej kultúrnej pamiatky 
260 |c 2016 
650 4 |a terestrické laserové skenovanie  |2 slo 
650 4 |a fotogrametrické skenovanie  |2 slo 
650 4 |a dokumentácia pamiatok  |2 slo 
650 4 |a documentation sites  |2 eng 
650 4 |a terrestrial laser scanning  |2 eng 
650 4 |a photogrammetric scanning  |2 eng 
700 1 |a Sokol, Štefan  |u 010140  |k Z1  |4 ths  |U SvF Stavebná fakulta  |T SvF Katedra geodézie  |X 670  |U V140  |Y 14  |7 A000000670 
856 4 |u http://is.stuba.sk/zp/portal_zp.pl?podrobnosti=132263 
856 4 |u https://opac.crzp.sk/?fn=detailBiblioForm&sid=41728D440EB1EF6291131A8922FE 
SQL |a stuzp57242  |b DDP  |c SLO  |d Aplikácia metódy terestrického laserového skenovania pri dokumentovaní národnej kultúrnej pamiatky  |e 9418  |f Harenčárová, Veronika  |g 010140  |h 670  |i Sokol, Štefan  |j 20160616  |k 1205  |l 01  |m http://is.stuba.sk/zp/portal_zp.pl?podrobnosti=132263  |n I-GKK  |o 5.1.3. geodézia a kartografia